<?xml version="1.0" encoding="UTF-8"?>
<record
    xmlns:xsi="http://www.w3.org/2001/XMLSchema-instance"
    xsi:schemaLocation="http://www.loc.gov/MARC21/slim http://www.loc.gov/standards/marcxml/schema/MARC21slim.xsd"
    xmlns="http://www.loc.gov/MARC21/slim">

  <leader>01812nam a2200265   4500</leader>
  <controlfield tag="003">CO-ViMGA</controlfield>
  <datafield tag="020" ind1=" " ind2=" ">
    <subfield code="a">9789583044212</subfield>
  </datafield>
  <datafield tag="040" ind1=" " ind2=" ">
    <subfield code="a">CO-ViMGA</subfield>
    <subfield code="b">spa</subfield>
    <subfield code="c">CO-ViMGA</subfield>
  </datafield>
  <datafield tag="090" ind1=" " ind2=" ">
    <subfield code="a">C ROCv</subfield>
  </datafield>
  <datafield tag="100" ind1="1" ind2=" ">
    <subfield code="a">Rocquet, Claude-Henri, </subfield>
    <subfield code="d"> 1933-2016 </subfield>
    <subfield code="9">2365</subfield>
  </datafield>
  <datafield tag="245" ind1="1" ind2="0">
    <subfield code="a">Visita de un joven libertino a Blaise Pascal /</subfield>
    <subfield code="c">contado por Claude-Henri Rocquet ; ilustrado por Sylvestre Bouquet ; traducci&#xF3;n Nuria Jim&#xE9;nez </subfield>
  </datafield>
  <datafield tag="260" ind1=" " ind2=" ">
    <subfield code="a">Bogota :</subfield>
    <subfield code="b">Panamericana,</subfield>
    <subfield code="c">2014</subfield>
  </datafield>
  <datafield tag="300" ind1=" " ind2=" ">
    <subfield code="a">63 p&#xE1;ginas : </subfield>
    <subfield code="b">ilustraciones en color ; 21 cm </subfield>
  </datafield>
  <datafield tag="500" ind1=" " ind2=" ">
    <subfield code="a"> Recomendado para personas de 10 a 12 a&#xF1;os </subfield>
  </datafield>
  <datafield tag="500" ind1=" " ind2=" ">
    <subfield code="a">incluye datos biogr&#xE1;ficos del autor e ilustrador </subfield>
  </datafield>
  <datafield tag="520" ind1=" " ind2=" ">
    <subfield code="a"> "Ahora aprender filosof&#xED;a es mucho m&#xE1;s f&#xE1;cil y divertido. Esta nueva serie busca presentar a los mayores fil&#xF3;sofos y cient&#xED;ficos de la historia y sus ideas, de una forma sencilla, novelada y con tono humor&#xED;stico que permite acercarse a los conceptos cient&#xED;ficos con mayor facilidad. Apoyado adem&#xE1;s en llamativas ilustraciones, estos libros son una nueva herramienta en la ense&#xF1;anza de la filosof&#xED;a y la ciencia. El hombre de ciencias y fil&#xF3;sofo, Pascal, que en sus &#xFA;ltimos a&#xF1;os se acerca m&#xE1;s que a la ciencia a la vida espiritual, conoce al caballero espa&#xF1;ol don Juan, un esp&#xED;ritu libre que solo busca probar los placeres de la vida. Su encuentro dar&#xE1; lugar a una discusi&#xF3;n sobre Dios y su presencia en la vida de los humanos" </subfield>
  </datafield>
  <datafield tag="534" ind1=" " ind2=" ">
    <subfield code="t">Visite d&#xB4;un jeune libertin &#xE0; Blaise Pascal </subfield>
  </datafield>
  <datafield tag="600" ind1=" " ind2=" ">
    <subfield code="a">Pascal, Blaise </subfield>
    <subfield code="d"> 1623-1662 </subfield>
    <subfield code="v"> Cuentos </subfield>
    <subfield code="9">2366</subfield>
  </datafield>
  <datafield tag="650" ind1="1" ind2="4">
    <subfield code="a"> Filosof&#xED;a francesa en la literatura </subfield>
    <subfield code="9">2362</subfield>
  </datafield>
  <datafield tag="650" ind1="1" ind2="4">
    <subfield code="a"> Matem&#xE1;ticos franceses en la literatura </subfield>
    <subfield code="9">2367</subfield>
  </datafield>
  <datafield tag="650" ind1="1" ind2="4">
    <subfield code="a">Fil&#xF3;sofos franceses en la literatura</subfield>
    <subfield code="9">2360</subfield>
  </datafield>
  <datafield tag="700" ind1="1" ind2=" ">
    <subfield code="a">Bouquet, Sylvestre,</subfield>
    <subfield code="e">il.</subfield>
    <subfield code="9">2368</subfield>
  </datafield>
  <datafield tag="700" ind1="1" ind2=" ">
    <subfield code="a">Jim&#xE9;nez, Nuria,</subfield>
    <subfield code="e">tr,</subfield>
    <subfield code="9">2369</subfield>
  </datafield>
  <datafield tag="942" ind1=" " ind2=" ">
    <subfield code="2">ddc</subfield>
    <subfield code="c">BK</subfield>
  </datafield>
  <datafield tag="999" ind1=" " ind2=" ">
    <subfield code="c">7243</subfield>
    <subfield code="d">7243</subfield>
  </datafield>
  <datafield tag="952" ind1=" " ind2=" ">
    <subfield code="0">0</subfield>
    <subfield code="1">0</subfield>
    <subfield code="2">ddc</subfield>
    <subfield code="4">0</subfield>
    <subfield code="7">0</subfield>
    <subfield code="a">MEVIECAR</subfield>
    <subfield code="b">MEVIECAR</subfield>
    <subfield code="d">2020-02-28</subfield>
    <subfield code="g">28.88</subfield>
    <subfield code="l">0</subfield>
    <subfield code="o">C ROCv</subfield>
    <subfield code="p">32147</subfield>
    <subfield code="r">2022-11-23 00:00:00</subfield>
    <subfield code="w">2020-02-28</subfield>
    <subfield code="y">BK</subfield>
  </datafield>
  <datafield tag="952" ind1=" " ind2=" ">
    <subfield code="0">0</subfield>
    <subfield code="1">0</subfield>
    <subfield code="2">ddc</subfield>
    <subfield code="4">0</subfield>
    <subfield code="7">0</subfield>
    <subfield code="a">MEVIECAR</subfield>
    <subfield code="b">MEVIECAR</subfield>
    <subfield code="d">2020-02-28</subfield>
    <subfield code="g">28.88</subfield>
    <subfield code="l">0</subfield>
    <subfield code="o">C ROCv</subfield>
    <subfield code="p">32148</subfield>
    <subfield code="r">2020-02-28 00:00:00</subfield>
    <subfield code="w">2020-02-28</subfield>
    <subfield code="y">BK</subfield>
  </datafield>
</record>
